000 00315nam a2200133Ia 4500
008 210312s9999||||xx |||||||||||||| ||und||
041 _aosm
050 _aBP130
050 _bH35.İ54
100 _aErksan, Hakkı Nezihi
245 0 _aİngilizce ilk kıraat
260 _c1337
650 _aDin--İslam dini--Kıraat
999 _c22377
_d22377